| 000 | 00750nam a2200205 a 4500 | ||
|---|---|---|---|
| 001 | 000248353 | ||
| 003 | AM-YeHGA | ||
| 005 | 20250617124946.0 | ||
| 008 | 030701s1991 ||| r 000 0 rus d | ||
| 020 | _a5265018069 | ||
| 040 | _aAM-YeHGA | ||
| 100 | 1 | _aСавеличев, Аркадий Алексеевич | |
| 245 | 1 | 0 |
_aПереборы : _bРоман / _cАркадий Савеличев. |
| 260 |
_aМосква : _bСов. писатель, _c1991. |
||
| 300 |
_a429 с. _bпортр. |
||
| 653 | 0 | _aКолхозы и колхозники (х. л.) | |
| 653 | 0 | _aМеталлургические заводы - Постройка - Череповец (х. л.) | |
| 653 | 0 | _aВерхние Поволжье (х. л.) | |
| 090 | _c90060 | ||
| 999 |
_c88774 _d88774 |
||